Phương pháp phát triển ngôn ngữ cho trẻ dưới 6 tuổi
Trình bày phương pháp phát triển ngôn ngữ cho trẻ dưới 6 tuổi; Cơ sở lí luận của phương pháp phát triển ngôn ngữ cho trẻ; nhiệm vụ, phương pháp, biện pháp các hình thức phát triển ngôn ngữ cho trẻ, phát triển vốn từ, dạy ngữ pháp cho trẻ......
সংরক্ষণ করুন:
| প্রধান লেখক: | |
|---|---|
| অন্যান্য লেখক: | , |
| বিন্যাস: | গ্রন্থ |
| ভাষা: | Vietnamese |
| প্রকাশিত: |
H.
Đại học Quốc gia Hà Nội
2014
|
| সংস্করন: | In lần thứ 4 |
| বিষয়গুলি: | |
| ট্যাগগুলো: |
ট্যাগ যুক্ত করুন
কোনো ট্যাগ নেই, প্রথমজন হিসাবে ট্যাগ করুন!
|
| Thư viện lưu trữ: | Mạng thư viện Đại học Đà Nẵng |
|---|
| LEADER | 01709aam a22004218a 4500 | ||
|---|---|---|---|
| 001 | 000019709 | ||
| 003 | 16148 | ||
| 005 | 20141103151120.0 | ||
| 008 | 140814s2014 viesd | ||
| 020 | |c 18000 |d 3000b | ||
| 041 | |a vie | ||
| 082 | 1 | 4 | |2 14 |a 372.6 |b HO-O |
| 084 | |a U411.38z73 | ||
| 084 | |b PH000P | ||
| 084 | |a V | ||
| 100 | 1 | |a Hoàng Thị Oanh | |
| 245 | 1 | 0 | |a Phương pháp phát triển ngôn ngữ cho trẻ dưới 6 tuổi |c Hoàng Thị Oanh, Phạm Thị Việt, Nguyễn Kim Đức |
| 250 | |a In lần thứ 4 | ||
| 260 | |a H. |b Đại học Quốc gia Hà Nội |c 2014 | ||
| 300 | |a 124 tr. |c 19 cm. | ||
| 520 | |a Trình bày phương pháp phát triển ngôn ngữ cho trẻ dưới 6 tuổi; Cơ sở lí luận của phương pháp phát triển ngôn ngữ cho trẻ; nhiệm vụ, phương pháp, biện pháp các hình thức phát triển ngôn ngữ cho trẻ, phát triển vốn từ, dạy ngữ pháp cho trẻ... | ||
| 650 | 0 | 4 | |2 Bộ TK TVQG |a Giáo dục mẫu giáo |x Phương pháp sư phạm |x Ngôn ngữ |
| 650 | 7 | |2 Bộ TK TVQG | |
| 650 | 7 | |2 Bộ TK TVQG | |
| 650 | 7 | |2 Bộ TK TVQG | |
| 655 | 7 | |2 Bộ TK TVQG |a Giáo trình | |
| 700 | 1 | |a Phạm Thị Việt | |
| 700 | 1 | |a Nguyễn Kim Đức | |
| OWN | |a LSP | ||
| AVA | |a UDN50 |b LSP |d 372.6 HO-O |e available |t Error 5001 Not defined in file expand_doc_bib_avail. |f 10 |g 0 |h N |i 11 |k 1 | ||
| 999 | |a From the UDN01 | ||
| AVA | |a UDN50 |b LSP |d 372.6 HO-O |e available |t Error 5001 Not defined in file expand_doc_bib_avail. |f 10 |g 0 |h N |i 11 |k 1 | ||
| TYP | |a Monograph | ||
| TYP | |a Printed language | ||
| 980 | |a Mạng thư viện Đại học Đà Nẵng | ||